| 000 | 00600nam a22002177a 4500 | ||
|---|---|---|---|
| 005 | 20170124110226.0 | ||
| 010 | _a940901 | ||
| 020 |
_c00.00 _a0213166542 |
||
| 035 | _a940901 | ||
| 037 | _bCen Lib/Ret | ||
| 040 |
_aDPL _bEN |
||
| 082 |
_a646.74 _bLEI |
||
| 100 |
_aLeighton, Harold _940836 |
||
| 245 |
_aHaircutting for everyone / _cby Harold Leighton |
||
| 260 |
_bArthur Barker _aLondon _c1977 |
||
| 270 |
_bLondon _a11 St John's Hill |
||
| 300 |
_a95p. : _c23cm(Hb) _bill. |
||
| 650 |
_aHaircutting _940837 |
||
| 650 |
_aHairstyle _940838 |
||
| 942 |
_2ddc _cEN _h646.74 _mLEI |
||
| 999 |
_c134479 _d134479 |
||